[Event "Abu Dhabi Open 2015"]
[Site "Abu Dhabi UAE"]
[Date "2015.08.26"]
[Round "5"]
[White "Asadli, Vugar"]
[Black "Harika, Dronavalli"]
[Result "0-1"]
[WhiteElo "2324"]
[BlackElo "2509"]
[PlyCount "68"]
[EventDate "2015.08.23"]

1. e4 c5 2. Nc3 e6 3. Nf3 Nc6 4. d4 cxd4 5. Nxd4 Qc7 6. g3 a6 7. Bg2 Nf6 8. O-O
Nxd4 9. Qxd4 Bc5 10. Bf4 d6 11. Qd3 Nd7 12. Na4 e5 13. Be3 Bxe3 14. Qxe3 b5 15.
Nc3 Bb7 16. Rad1 Nb6 17. Rd3 O-O 18. Rfd1 b4 19. Ne2 Nc4 20. Qc1 f5 21. exf5
Bxg2 22. Kxg2 Rxf5 23. b3 Raf8 24. f4 exf4 25. gxf4 Ne5 26. Rd5 Qb7 27. Qe3 Ng4
28. Qe6+ Kh8 29. Kf3 Ne5+ 30. Kg3 R5f6 31. Qh3 Rh6 32. Qf1 Qe7 33. h3 Qh4+ 34.
Kh2 Ng4+ 0-1

[Event "Abu Dhabi Open 2015"]
[Site "Abu Dhabi UAE"]
[Date "2015.08.27"]
[Round "6"]
[White "Harika, Dronavalli"]
[Black "Kovchan, Alexander"]
[Result "1/2-1/2"]
[WhiteElo "2509"]
[BlackElo "2605"]
[PlyCount "43"]
[EventDate "2015.08.23"]

1. d4 g6 2. c4 Nf6 3. Nc3 d5 4. Nf3 Bg7 5. e3 O-O 6. Bd2 b6 7. cxd5 Nxd5 8. Bc4
Nxc3 9. Bxc3 c5 10. Rc1 cxd4 11. Nxd4 Bb7 12. O-O e6 13. Qe2 Qe7 14. Rfd1 Nc6
15. Nxc6 Bxc6 16. Ba6 Bb7 17. Bxg7 Kxg7 18. Bxb7 Qxb7 19. Qb5 Rac8 20. Qe5+ Kg8
21. h4 Rxc1 22. Rxc1 1/2-1/2

[Event "Abu Dhabi Open 2015"]
[Site "Abu Dhabi UAE"]
[Date "2015.08.29"]
[Round "7"]
[White "Salem, A.R. Saleh"]
[Black "Harika, Dronavalli"]
[Result "1/2-1/2"]
[WhiteElo "2595"]
[BlackElo "2509"]
[PlyCount "57"]
[EventDate "2015.08.23"]

1. d4 Nf6 2. c4 e6 3. Nf3 d5 4. Nc3 Be7 5. Bf4 O-O 6. e3 Nbd7 7. c5 Ne4 8. Nxe4
dxe4 9. Ne5 Nxe5 10. Bxe5 Bd7 11. Bc4 Bf6 12. Bg3 Bc6 13. O-O Bh4 14. Qh5 Bxg3
15. fxg3 Bd5 16. Bxd5 Qxd5 17. Qxd5 exd5 18. g4 f6 19. b4 a6 20. a4 Kf7 21. Kf2
Ke6 22. Kg3 Rf7 23. Rf2 Rh8 24. Raf1 h6 25. h3 g6 26. h4 Rhh7 27. b5 a5 28. c6
b6 29. Rf4 1/2-1/2

[Event "Abu Dhabi Open 2015"]
[Site "Abu Dhabi UAE"]
[Date "2015.08.31"]
[Round "9"]
[White "Romanov, Evgeny"]
[Black "Harika, Dronavalli"]
[Result "1/2-1/2"]
[WhiteElo "2586"]
[BlackElo "2509"]
[PlyCount "85"]
[EventDate "2015.08.23"]

1. Nf3 Nf6 2. b3 g6 3. Bb2 Bg7 4. g3 b6 5. Bg2 Bb7 6. O-O O-O 7. a4 c5 8. a5 d5
9. c4 Na6 10. Na3 Nb4 11. Nc2 bxa5 12. cxd5 Bxd5 13. Ne3 Ng4 14. Nc4 Bxb2 15.
Nxb2 Rb8 16. Nc4 Nc6 17. d3 Nf6 18. Ra3 Rb5 19. Ne3 Bxf3 20. Bxf3 Nd4 21. Bg2
Qc7 22. Nc4 Rfb8 23. e3 Nxb3 24. Qc2 Rb4 25. Qa2 a4 26. Rxa4 Rxa4 27. Qxa4 Qd7
28. Bc6 Qxd3 29. Qxa7 Rf8 30. Qxe7 Qxc4 31. Qxf6 Qd3 32. h4 h5 33. g4 Rd8 34.
Bb5 Qd6 35. Qxd6 Rxd6 36. gxh5 gxh5 37. Kh2 Nd2 38. Rc1 Rf6 39. Rxc5 Rxf2+ 40.
Kg1 Rf3 41. Re5 Rh3 42. Rd5 Ne4 43. Rxh5 1/2-1/2

[Event "World Junior Championship 2015"]
[Site "Khanty-Mansiysk RUS"]
[Date "2015.09.02"]
[Round "1"]
[White "Serikbay, Chingiz"]
[Black "Goryachkina, Aleksandra"]
[Result "0-1"]
[WhiteElo "2272"]
[BlackElo "2497"]
[PlyCount "142"]
[EventDate "2015.09.02"]

1. e4 c5 2. Nf3 Nc6 3. d4 cxd4 4. Nxd4 Nf6 5. Nc3 e5 6. Ndb5 d6 7. Bg5 a6 8.
Na3 b5 9. Nd5 Be7 10. Bxf6 Bxf6 11. c3 Bg5 12. Nc2 Rb8 13. g3 O-O 14. Bg2 a5
15. O-O Ne7 16. Nce3 Bxe3 17. Nxe3 Be6 18. Kh1 Qb6 19. Qd2 Kh8 20. f4 exf4 21.
Rxf4 Qc5 22. Nd5 Ng6 23. Rf2 Bxd5 24. exd5 Ne5 25. Raf1 Kg8 26. Rf4 Nc4 27. Qf2
Qxf2 28. R1xf2 Ne5 29. Bf1 Rfc8 30. a3 Rc5 31. Rd4 h5 32. Kg2 g6 33. Rfd2 Kf8
34. Be2 Ke7 35. Kf2 Kd8 36. Ke3 Rc7 37. Kf4 Re7 38. a4 bxa4 39. Rxa4 Reb7 40.
Rxa5 Rxb2 41. Rxb2 Rxb2 42. Ke3 Rc2 43. Ra3 Kc8 44. Rb3 Ra2 45. h3 Kc7 46. Bf1
Nd7 47. Be2 Nc5 48. Rb1 Kd8 49. g4 h4 50. Rf1 Ke7 51. Rf2 Rc2 52. Kd4 Rd2+ 53.
Ke3 Rxd5 54. Bc4 Re5+ 55. Kd4 Re4+ 56. Kd5 g5 57. Ra2 Re5+ 58. Kd4 Ne6+ 59.
Bxe6 fxe6 60. Rf2 Re1 61. Kd3 d5 62. Rf3 Kd6 63. Kd2 Re4 64. Rf7 Ke5 65. Rf8
Ra4 66. Ke3 Ra3 67. Kd2 Ke4 68. Rf6 Ra2+ 69. Ke1 e5 70. Rf5 Rc2 71. Rxg5 Rxc3
0-1

[Event "World Junior Championship 2015"]
[Site "Khanty-Mansiysk RUS"]
[Date "2015.09.03"]
[Round "2"]
[White "Goryachkina, Aleksandra"]
[Black "Korchmar, Vasiliy"]
[Result "1/2-1/2"]
[WhiteElo "2497"]
[BlackElo "2409"]
[PlyCount "56"]
[EventDate "2015.09.02"]

1. d4 d5 2. c4 c6 3. e3 Nf6 4. Nc3 e6 5. Nf3 a6 6. b3 Bb4 7. Bd2 Nbd7 8. Bd3
O-O 9. O-O Qe7 10. Qc2 e5 11. dxe5 Nxe5 12. Nxe5 Qxe5 13. Nxd5 Nxd5 14. cxd5
Bxd2 15. Qxd2 Qxd5 16. Qc2 Qh5 17. f4 f5 18. Rae1 Be6 19. e4 fxe4 20. Bxe4 Bd5
21. f5 Bxe4 22. Rxe4 Rae8 23. Qc4+ Qf7 24. Rxe8 Rxe8 25. Qg4 Qf6 26. Qc4+ Qf7
27. Qg4 Qf6 28. Qc4+ Qf7 1/2-1/2

[Event "World Junior Championship 2015"]
[Site "Khanty-Mansiysk RUS"]
[Date "2015.09.04"]
[Round "3"]
[White "Tran, Tuan Minh"]
[Black "Goryachkina, Aleksandra"]
[Result "1/2-1/2"]
[WhiteElo "2417"]
[BlackElo "2497"]
[PlyCount "79"]
[EventDate "2015.09.02"]

1. d4 d5 2. c4 e6 3. Nc3 c6 4. e4 dxe4 5. Nxe4 Bb4+ 6. Nc3 c5 7. a3 Ba5 8. Be3
Nf6 9. Nf3 O-O 10. Rc1 cxd4 11. Qxd4 Qxd4 12. Nxd4 Ng4 13. b4 Nxe3 14. fxe3 Bd8
15. Be2 a5 16. Kf2 Nd7 17. c5 Be7 18. Ra1 g6 19. Rhd1 h5 20. h3 h4 21. Ncb5 Ne5
22. Nb3 axb4 23. axb4 Rxa1 24. Rxa1 Nc6 25. Ra4 Bd7 26. Nd2 f5 27. Nd6 Bxd6 28.
cxd6 Nd4 29. Ra7 Nxe2 30. Rxb7 Bc8 31. Ra7 Nc1 32. d7 Nd3+ 33. Kg1 Nxb4 34. Nf3
Bxd7 35. Rxd7 Rf7 36. Rd6 Re7 37. Ng5 Nd5 38. Kf2 Nf6 39. Ke2 Ne8 40. Rxe6
1/2-1/2

[Event "World Junior Championship 2015"]
[Site "Khanty-Mansiysk RUS"]
[Date "2015.09.06"]
[Round "5"]
[White "Goryachkina, Aleksandra"]
[Black "Bok, Benjamin"]
[Result "0-1"]
[WhiteElo "2497"]
[BlackElo "2586"]
[PlyCount "96"]
[EventDate "2015.09.02"]

1. d4 Nf6 2. c4 e6 3. Nf3 d5 4. Nc3 Bb4 5. Bg5 dxc4 6. a3 Bxc3+ 7. bxc3 b5 8.
a4 c6 9. g3 Bb7 10. Bg2 Nbd7 11. Qb1 a6 12. Nd2 Qc8 13. O-O O-O 14. e4 c5 15.
d5 exd5 16. axb5 axb5 17. Rxa8 Qxa8 18. Bxf6 Nxf6 19. Qxb5 dxe4 20. Nxc4 Qa2
21. Na5 Ba8 22. Nc4 Bb7 23. Na5 Ba8 24. Nc4 Qc2 25. Qxc5 Qxc3 26. Qb5 Bd5 27.
Ne3 Be6 28. h3 g6 29. Rd1 Rc8 30. g4 Rc5 31. Qb8+ Kg7 32. Qf4 Qe5 33. Qxe5 Rxe5
34. Rd4 h5 35. gxh5 Rxh5 36. Ng4 Bxg4 37. hxg4 Rg5 38. f3 Ra5 39. Kf2 Ra2+ 40.
Kg3 e3 41. Rd1 g5 42. Re1 Nd5 43. Bf1 Rd2 44. f4 gxf4+ 45. Kf3 Rf2+ 46. Ke4
Nc3+ 47. Kd3 e2 48. Bxe2 Nxe2 0-1

[Event "Moscow Championship (blitz) 2015"]
[Site "Moscow RUS"]
[Date "2015.09.06"]
[Round "1"]
[White "Inarkiev, Ernesto"]
[Black "Lagno, Kateryna"]
[Result "1-0"]
[WhiteElo "2660"]
[BlackElo "2523"]
[PlyCount "113"]
[EventDate "2015.09.06"]
[EventType "blitz"]

1. d4 Nf6 2. Nf3 g6 3. g3 Bg7 4. Bg2 c5 5. d5 d6 6. O-O b5 7. c4 bxc4 8. Nfd2
O-O 9. Nxc4 a5 10. a4 Na6 11. Bd2 Nb4 12. Bc3 Bb7 13. e4 Qc7 14. Nba3 Ba6 15.
Re1 Nd7 16. Bxg7 Kxg7 17. Qd2 Bxc4 18. Nxc4 Nb6 19. Ne3 Rad8 20. h4 h5 21. f4
e6 22. Qc3+ Kg8 23. g4 exd5 24. exd5 f5 25. gxf5 gxf5 26. Kh2 Qg7 27. Rg1 Kh8
28. Qxg7+ Kxg7 29. Bh3+ Kf6 30. Rg5 Rde8 31. Rxf5+ Ke7 32. Rg1 Rxf5 33. Nxf5+
Kf6 34. Nxd6 Re2+ 35. Rg2 Rxg2+ 36. Bxg2 N6xd5 37. Bxd5 Nxd5 38. Nc4 Kf5 39.
Kg3 Nxf4 40. Nxa5 Nd3 41. Nc4 Ke4 42. a5 Nb4 43. Nd6+ Ke5 44. Nb5 Kd5 45. Kf4
Kc4 46. Nc7 Kb3 47. a6 Nc6 48. Ne6 c4 49. Nc5+ Kxb2 50. Ne4 c3 51. Nxc3 Kxc3
52. Kg5 Kb4 53. Kxh5 Kb5 54. Kg5 Kxa6 55. Kf6 Nb4 56. h5 Nd5+ 57. Kf7 1-0

[Event "Moscow Championship (blitz) 2015"]
[Site "Moscow RUS"]
[Date "2015.09.06"]
[Round "2"]
[White "Lagno, Kateryna"]
[Black "Onischuk, Alexander"]
[Result "0-1"]
[WhiteElo "2523"]
[BlackElo "2662"]
[PlyCount "138"]
[EventDate "2015.09.06"]
[EventType "blitz"]

1. e4 e5 2. Nf3 Nc6 3. Bc4 Nf6 4. d3 Bc5 5. O-O d6 6. c3 O-O 7. Nbd2 a6 8. Bb3
Ba7 9. h3 Be6 10. Bc2 h6 11. Re1 Re8 12. Nf1 Ne7 13. d4 Ng6 14. Ng3 c5 15. Be3
cxd4 16. cxd4 Qa5 17. Bb3 Bxb3 18. Qxb3 Qb5 19. Qxb5 axb5 20. a3 Nf4 21. dxe5
dxe5 22. Bxa7 Rxa7 23. Red1 Ra4 24. Rd6 Nxe4 25. Nxe4 Rxe4 26. Rb6 Re7 27. Rxb5
f6 28. Rd1 Rc7 29. Rd2 Rec4 30. Kh2 Kf7 31. g3 Ne6 32. Rd6 Nc5 33. Kg2 Ne4 34.
Rdb6 Rc2 35. Rxb7 Rxf2+ 36. Kg1 Rxb7 37. Rxb7+ Ke6 38. Ne1 Re2 39. Nd3 Rd2 40.
Rb3 Kd5 41. Nb4+ Kc4 42. Re3 Nc5 43. Rc3+ Kb5 44. Rc2 Rd4 45. Kf2 f5 46. Re2
Ne4+ 47. Kf3 Ng5+ 48. Kg2 e4 49. h4 Nf3 50. Nc2 Rd3 51. h5 Nd4 52. Nxd4+ Rxd4
53. Rf2 Rd5 54. g4 fxg4 55. Rf4 Rxh5 56. Rxe4 Rg5 57. Kg3 h5 58. a4+ Ka5 59. b3
Rf5 60. Kh4 g6 61. Re6 Rf3 62. Rxg6 Rh3+ 63. Kg5 g3 64. Kf4 h4 65. Kf3 Rh2 66.
Rh6 Rf2+ 67. Ke3 Rf1 68. Rh5+ Ka6 69. Rg5 h3 0-1

[Event "Moscow Championship (blitz) 2015"]
[Site "Moscow RUS"]
[Date "2015.09.06"]
[Round "4"]
[White "Grachev, Boris"]
[Black "Lagno, Kateryna"]
[Result "1/2-1/2"]
[WhiteElo "2649"]
[BlackElo "2523"]
[PlyCount "119"]
[EventDate "2015.09.06"]
[EventType "blitz"]

1. d4 Nf6 2. Nf3 g6 3. Bf4 Bg7 4. e3 c5 5. c3 Qb6 6. Qb3 d6 7. Nbd2 Be6 8. Bc4
Bxc4 9. Nxc4 Qa6 10. a4 Nbd7 11. O-O Rc8 12. Nfd2 O-O 13. Qb5 Nb8 14. h3 Nd5
15. Qxa6 Nxa6 16. Bg3 f5 17. Rfe1 Nf6 18. Bh4 d5 19. Ne5 e6 20. Bxf6 Bxf6 21.
Nd7 Rf7 22. Nxf6+ Rxf6 23. Nf3 Rf7 24. Ne5 Rfc7 25. g4 Nb8 26. gxf5 exf5 27. f4
Nd7 28. Nxd7 Rxd7 29. Kf2 Kf7 30. h4 Re7 31. a5 cxd4 32. exd4 Re4 33. Rxe4 fxe4
34. Ke3 Ke6 35. Rg1 Rc4 36. h5 gxh5 37. Rg7 Ra4 38. Rxb7 Rxa5 39. Rxh7 Rb5 40.
Rh6+ Kf7 41. Rxh5 a5 42. Rh7+ Ke6 43. Rh6+ Kf7 44. Ra6 Rxb2 45. Rxa5 Ke6 46.
Ra6+ Ke7 47. f5 Rc2 48. Rc6 Kd7 49. Rc5 Kd6 50. f6 Rc1 51. Ke2 Ke6 52. Rc6+ Kf7
53. Ke3 Rf1 54. Rc5 Rf3+ 55. Ke2 Kxf6 56. Rxd5 Rxc3 57. Re5 e3 58. Rxe3 Rxe3+
59. Kxe3 Ke6 60. Ke4 1/2-1/2

[Event "Moscow Championship (blitz) 2015"]
[Site "Moscow RUS"]
[Date "2015.09.06"]
[Round "5"]
[White "Lagno, Kateryna"]
[Black "Riazantsev, Alexander"]
[Result "0-1"]
[WhiteElo "2523"]
[BlackElo "2646"]
[PlyCount "54"]
[EventDate "2015.09.06"]
[EventType "blitz"]

1. c4 g6 2. d4 Bg7 3. Nc3 c5 4. d5 d6 5. e4 e6 6. Bf4 e5 7. Be3 Ne7 8. h4 f5 9.
Bg5 h6 10. Bxe7 Qxe7 11. h5 g5 12. exf5 Bxf5 13. Nge2 e4 14. Ng3 Bh7 15. Be2
O-O 16. Bg4 Na6 17. O-O Nc7 18. Qe2 Rf4 19. Rae1 Re8 20. f3 Bd4+ 21. Kh1 e3 22.
Nce4 Rxg4 23. fxg4 Bxe4 24. Nxe4 Qxe4 25. Rf5 Rf8 26. Rxf8+ Kxf8 27. Rf1+ Ke7
0-1

[Event "Moscow Championship (blitz) 2015"]
[Site "Moscow RUS"]
[Date "2015.09.06"]
[Round "7"]
[White "Lagno, Kateryna"]
[Black "Demidov, Mikhail"]
[Result "1/2-1/2"]
[WhiteElo "2523"]
[BlackElo "2497"]
[PlyCount "65"]
[EventDate "2015.09.06"]
[EventType "blitz"]

1. e4 e6 2. d4 d5 3. Nc3 Be7 4. Nf3 Nf6 5. Bd3 c5 6. dxc5 dxe4 7. Nxe4 Nxe4 8.
Bxe4 Qxd1+ 9. Kxd1 Bxc5 10. Ke2 Nd7 11. c3 Nf6 12. Bc2 b6 13. Ba4+ Ke7 14. Bb5
Bb7 15. Be3 Bxe3 16. fxe3 Ne4 17. Rhd1 Nd6 18. Bd3 f6 19. Nd4 g6 20. Nb5 Rhd8
21. g3 Nxb5 22. Bxb5 e5 23. h4 Bc8 24. Bc6 Ba6+ 25. Ke1 Rac8 26. Bd5 f5 27. e4
Rd6 28. Bb3 fxe4 29. Rxd6 Kxd6 30. Rd1+ Bd3 31. Bc2 Ke6 32. Bxd3 exd3 33. Rxd3
1/2-1/2

[Event "Moscow Championship (blitz) 2015"]
[Site "Moscow RUS"]
[Date "2015.09.06"]
[Round "10"]
[White "Sychev, Klementy"]
[Black "Lagno, Kateryna"]
[Result "1-0"]
[WhiteElo "2414"]
[BlackElo "2523"]
[PlyCount "127"]
[EventDate "2015.09.06"]

1. d4 Nf6 2. c4 g6 3. Nc3 d5 4. cxd5 Nxd5 5. e4 Nxc3 6. bxc3 Bg7 7. Bc4 c5 8.
Ne2 Nc6 9. Be3 O-O 10. O-O Bg4 11. f3 Bd7 12. Rb1 Qc7 13. Kh1 Rad8 14. Bf4 e5
15. Bg5 Rc8 16. d5 Na5 17. d6 Qb8 18. Bd5 Rfe8 19. f4 Nc6 20. fxe5 Nxe5 21.
Rxb7 Qxd6 22. Rxf7 Kh8 23. Rf1 Rf8 24. Bf4 g5 25. Bg3 Bg4 26. h3 Bh5 27. c4
Rxf1+ 28. Qxf1 Rf8 29. Qa1 Bf6 30. Nc3 a6 31. Qb1 Qd8 32. Rb6 Ng6 33. Na4 Bd4
34. Rb8 Qe7 35. Rxf8+ Qxf8 36. Qb8 Qxb8 37. Bxb8 g4 38. hxg4 Bxg4 39. Ba7 Bd7
40. Bxc5 Be5 41. Nb6 Be8 42. Be3 Ne7 43. c5 Kg7 44. Nc4 Bc7 45. Bd4+ Kg6 46.
Kg1 Nc6 47. Bc3 Bd7 48. Nb6 Be8 49. Kf2 Ne7 50. Bc4 Bc6 51. Nd5 Bd8 52. Ke3 h5
53. Bd4 Ng8 54. Nf4+ Kg5 55. Ne6+ Kg4 56. Nxd8 Bd7 57. Nf7 Kg3 58. Bf1 Ne7 59.
Ne5 Be8 60. Nd3 Nc6 61. Be5+ Nxe5 62. Nxe5 h4 63. c6 Kh2 64. c7 1-0

[Event "Moscow Championship (blitz) 2015"]
[Site "Moscow RUS"]
[Date "2015.09.06"]
[Round "12"]
[White "Vavulin, Maksim"]
[Black "Lagno, Kateryna"]
[Result "0-1"]
[WhiteElo "2441"]
[BlackElo "2523"]
[PlyCount "92"]
[EventDate "2015.09.06"]
[EventType "blitz"]

1. e4 e5 2. Bc4 Nc6 3. d3 Nf6 4. Nc3 Bc5 5. Bg5 h6 6. Bh4 Be7 7. Nge2 d6 8. O-O
O-O 9. h3 Nh5 10. Bxe7 Nxe7 11. f4 Nxf4 12. Nxf4 exf4 13. Rxf4 Ng6 14. Rf2 Ne5
15. Bb3 Be6 16. Qh5 Qg5 17. Qxg5 hxg5 18. d4 Ng6 19. Raf1 Bxb3 20. axb3 f6 21.
Ra1 a6 22. Ra4 Rf7 23. g3 Re8 24. Kg2 Ne7 25. Rf1 Nc6 26. Rc4 g6 27. g4 Kg7 28.
b4 Na7 29. d5 Nc8 30. Ne2 Nb6 31. Rd4 f5 32. gxf5 gxf5 33. Ng3 fxe4 34. Rxf7+
Kxf7 35. Nxe4 Kg6 36. c4 Nd7 37. b3 b6 38. Kf2 Rf8+ 39. Kg2 Rf4 40. Kg3 Nf6 41.
Nxf6 Rxd4 42. Ne8 Rd3+ 43. Kg4 Rxb3 44. Nxc7 a5 45. bxa5 bxa5 46. Nb5 a4 0-1

[Event "Moscow Championship (blitz) 2015"]
[Site "Moscow RUS"]
[Date "2015.09.06"]
[Round "13"]
[White "Lagno, Kateryna"]
[Black "Najer, Evgeniy"]
[Result "0-1"]
[WhiteElo "2523"]
[BlackElo "2658"]
[PlyCount "76"]
[EventDate "2015.09.06"]
[EventType "blitz"]

1. c4 e5 2. g3 Nc6 3. Bg2 Bc5 4. Nc3 d6 5. e3 a6 6. Nge2 Ba7 7. d4 Nf6 8. h3
O-O 9. O-O Re8 10. a3 h6 11. b4 exd4 12. exd4 Bf5 13. c5 Qd7 14. g4 Bh7 15. Bf4
Rad8 16. Ng3 Bb8 17. d5 Ne5 18. Qd4 Ba7 19. g5 dxc5 20. bxc5 Nd3 21. gxf6 Bxc5
22. Qa4 b5 23. Qxa6 Nxf4 24. Qxb5 Bd4 25. Qxd7 Rxd7 26. Rae1 Rb8 27. Nce4 gxf6
28. Rd1 Be5 29. Nc5 Rdd8 30. h4 Kh8 31. Be4 Rb5 32. Bxh7 Kxh7 33. Nce4 Rdxd5
34. Rxd5 Rxd5 35. Rc1 Kg6 36. Kf1 f5 37. Rc6+ f6 38. Nc3 Bxc3 0-1

[Event "Moscow Championship (blitz) 2015"]
[Site "Moscow RUS"]
[Date "2015.09.06"]
[Round "14"]
[White "Mozharov, Mikhail"]
[Black "Lagno, Kateryna"]
[Result "1-0"]
[WhiteElo "2573"]
[BlackElo "2523"]
[PlyCount "65"]
[EventDate "2015.09.06"]
[EventType "blitz"]

1. d4 Nf6 2. c4 g6 3. Nc3 d5 4. Nf3 Bg7 5. h4 c6 6. Bg5 Ne4 7. e3 Nxg5 8. hxg5
h5 9. gxh6 Rxh6 10. Rxh6 Bxh6 11. Bd3 Bg7 12. Qc2 dxc4 13. Bxc4 e6 14. O-O-O
Nd7 15. Bd3 Nf8 16. Ne5 Qc7 17. f4 Bd7 18. Ne4 f5 19. Nc5 Bxe5 20. dxe5 O-O-O
21. Bc4 Qb6 22. Bb3 Be8 23. Rd4 Bf7 24. Qc3 Qc7 25. a3 Qe7 26. Kb1 Nd7 27. Rd6
Nf8 28. Qd4 b6 29. Rxc6+ Kb8 30. Na6+ Ka8 31. Rd6 Rc8 32. Bd1 Kb7 33. Bf3+ 1-0

[Event "Moscow Championship (blitz) 2015"]
[Site "Moscow RUS"]
[Date "2015.09.06"]
[Round "15"]
[White "Lagno, Kateryna"]
[Black "Dubov, Daniil"]
[Result "1-0"]
[WhiteElo "2523"]
[BlackElo "2661"]
[PlyCount "81"]
[EventDate "2015.09.06"]
[EventType "blitz"]

1. e4 c5 2. Nf3 Nc6 3. d4 cxd4 4. Nxd4 e5 5. Nb5 d6 6. c4 g6 7. N1c3 a6 8. Na3
Bg7 9. Nc2 Nge7 10. Be2 O-O 11. O-O Be6 12. Be3 f5 13. f3 fxe4 14. fxe4 Rxf1+
15. Bxf1 Rc8 16. Qd2 Na5 17. b3 Nac6 18. Rd1 Bg4 19. Be2 Bxe2 20. Nxe2 Qd7 21.
h3 Rd8 22. Nc3 Nc8 23. Nd5 N6e7 24. Rf1 b5 25. cxb5 axb5 26. Ncb4 Nc6 27. Nxc6
Qxc6 28. Rc1 Qe8 29. Rc7 Rd7 30. Qc3 Ne7 31. Nxe7+ Qxe7 32. Rc8+ Rd8 33. a4
bxa4 34. Qc4+ Kh8 35. bxa4 Bf6 36. a5 Qb7 37. Rc7 Qb1+ 38. Kh2 Rf8 39. Rf7 Qb8
40. a6 Rxf7 41. Qxf7 1-0

[Event "Moscow Championship (blitz) 2015"]
[Site "Moscow RUS"]
[Date "2015.09.06"]
[Round "16"]
[White "Kobalia, Mikhail"]
[Black "Lagno, Kateryna"]
[Result "0-1"]
[WhiteElo "2632"]
[BlackElo "2523"]
[PlyCount "54"]
[EventDate "2015.09.06"]
[EventType "blitz"]

1. e4 e5 2. Nf3 Nc6 3. Bb5 a6 4. Ba4 Nf6 5. O-O Be7 6. d3 b5 7. Bb3 d6 8. a4 b4
9. a5 O-O 10. Nbd2 Nb8 11. c3 bxc3 12. bxc3 c5 13. d4 cxd4 14. cxd4 Nc6 15. Bb2
exd4 16. Nxd4 Nxa5 17. Ba2 Bd7 18. Rc1 Rc8 19. Qe2 Qb6 20. Ba1 Nc6 21. Qe3 Ng4
22. Qd3 Nb4 23. Qb1 Bf6 24. Nc4 Qb8 25. Bb3 d5 26. e5 dxc4 27. Bd1 Nxe5 0-1

[Event "Moscow Championship (blitz) 2015"]
[Site "Moscow RUS"]
[Date "2015.09.06"]
[Round "17"]
[White "Lagno, Kateryna"]
[Black "Zvjaginsev, Vadim"]
[Result "1-0"]
[WhiteElo "2523"]
[BlackElo "2660"]
[PlyCount "81"]
[EventDate "2015.09.06"]
[EventType "blitz"]

1. c4 e6 2. g3 d5 3. Bg2 Nf6 4. Nf3 Be7 5. O-O O-O 6. d4 c5 7. dxc5 Bxc5 8.
cxd5 exd5 9. a3 Nc6 10. b4 Be7 11. Bb2 Bg4 12. Nbd2 Re8 13. Nb3 Rc8 14. Rc1 Ne4
15. b5 Nb8 16. Rxc8 Bxc8 17. a4 Bf6 18. Bxf6 Qxf6 19. e3 Bg4 20. Qd4 Nd7 21.
Qxd5 Nb6 22. Qd4 Bxf3 23. Qxf6 gxf6 24. Bxf3 Nxa4 25. Ra1 Nac3 26. Rxa7 Nxb5
27. Rxb7 Nbd6 28. Ra7 Rb8 29. Nd4 Rb1+ 30. Kg2 Rb2 31. Bxe4 Nxe4 32. Kf3 Ng5+
33. Kg2 Ne4 34. Kf3 Ng5+ 35. Kg4 Rb4 36. Kf5 Kg7 37. h4 Nh3 38. Ne6+ Kh6 39.
Rxf7 Nxf2 40. Rxf6+ Kh5 41. Ng7# 1-0

[Event "Moscow Championship (blitz) 2015"]
[Site "Moscow RUS"]
[Date "2015.09.06"]
[Round "18"]
[White "Novikov, Stanislav"]
[Black "Lagno, Kateryna"]
[Result "1-0"]
[WhiteElo "2536"]
[BlackElo "2523"]
[PlyCount "52"]
[EventDate "2015.09.06"]
[EventType "blitz"]

1. e4 e5 2. Nf3 Nc6 3. Bb5 a6 4. Bxc6 dxc6 5. O-O Bg4 6. h3 Bxf3 7. Qxf3 Ne7 8.
d3 Ng6 9. Nd2 Bd6 10. Nc4 O-O 11. Qg3 f5 12. exf5 Rxf5 13. Qg4 Rf7 14. Bg5 Qf8
15. Rae1 Re8 16. h4 b5 17. h5 Nf4 18. Nxd6 cxd6 19. Bxf4 Rxf4 20. Qd7 c5 21.
Re4 Rf5 22. Rg4 Rxh5 23. Rxg7+ Kh8 24. Rf7 Qg8 25. Rf3 Qg6 26. Rg3 Qe6 1-0

[Event "Moscow Championship (blitz) 2015"]
[Site "Moscow RUS"]
[Date "2015.09.06"]
[Round "19"]
[White "Lagno, Kateryna"]
[Black "Oparin, Grigoriy"]
[Result "1-0"]
[WhiteElo "2523"]
[BlackElo "2569"]
[PlyCount "35"]
[EventDate "2015.09.06"]

1. e4 c5 2. Nf3 d6 3. d4 cxd4 4. Nxd4 Nf6 5. Nc3 a6 6. Be2 e6 7. O-O Be7 8. a4
O-O 9. a5 Nc6 10. Nb3 d5 11. exd5 exd5 12. Be3 Bb4 13. Na4 Nxa5 14. Bb6 Nxb3
15. Bxd8 Nxa1 16. Bxf6 gxf6 17. Nb6 Rb8 18. Nxd5 1-0

[Event "World Junior Championship 2015"]
[Site "Khanty-Mansiysk RUS"]
[Date "2015.09.07"]
[Round "6"]
[White "Vokhidov, Shamsiddin"]
[Black "Goryachkina, Aleksandra"]
[Result "1/2-1/2"]
[WhiteElo "2292"]
[BlackElo "2497"]
[PlyCount "82"]
[EventDate "2015.09.02"]

1. e4 e5 2. Nf3 Nc6 3. Bb5 Nf6 4. O-O Nxe4 5. d4 Nd6 6. dxe5 Nxb5 7. a4 Nbd4 8.
Nxd4 Nxd4 9. Qxd4 d5 10. exd6 Qxd6 11. Qe3+ Be7 12. Nc3 c6 13. Re1 Be6 14. Ne4
Qe5 15. Bd2 O-O 16. Bc3 Qf5 17. Qg3 Qg6 18. Qc7 Bd5 19. Qxe7 Rfe8 20. Qg5 Bxe4
21. Qxg6 Bxg6 22. Rac1 f6 23. f3 Kf7 24. Kf2 c5 25. Rxe8 Rxe8 26. Bd2 Re6 27.
Be3 Rb6 28. b3 Rd6 29. c3 b6 30. b4 c4 31. Bd4 a6 32. Ra1 Bf5 33. a5 b5 34. Re1
h5 35. h4 Rd8 36. Kg3 Rd5 37. Kf4 Bd7 38. Kg3 Be6 39. Re2 Rd7 40. Kf4 Rd5 41.
Kg3 Bd7 1/2-1/2

[Event "World Junior Championship 2015"]
[Site "Khanty-Mansiysk RUS"]
[Date "2015.09.08"]
[Round "7"]
[White "Goryachkina, Aleksandra"]
[Black "Saiyn, Zhanat"]
[Result "1/2-1/2"]
[WhiteElo "2497"]
[BlackElo "2413"]
[PlyCount "109"]
[EventDate "2015.09.02"]

1. d4 Nf6 2. c4 e6 3. g3 Bb4+ 4. Nd2 d5 5. Bg2 O-O 6. Ngf3 b6 7. O-O Bb7 8. Ne5
Re8 9. Qc2 Bf8 10. b3 Nbd7 11. Nxd7 Qxd7 12. Bb2 Qd8 13. Rfd1 Rc8 14. a3 c5 15.
dxc5 Bxc5 16. b4 Be7 17. Rac1 Qc7 18. Qb3 dxc4 19. Nxc4 Qb8 20. Ne5 Rxc1 21.
Rxc1 Rc8 22. Nc6 Bxc6 23. Bxc6 Qd6 24. Bf3 Rxc1+ 25. Bxc1 Qc7 26. Bb2 Nd7 27.
a4 Bf6 28. Bxf6 gxf6 29. Qb2 Ne5 30. Kg2 Qc4 31. a5 Nxf3 32. exf3 Kg7 33. h4 h6
34. Qd2 bxa5 35. bxa5 a6 36. Qb2 Qc5 37. Qb6 Qc4 38. Qd8 Qc5 39. Kf1 Qc1+ 40.
Ke2 Qc2+ 41. Kf1 Qc1+ 42. Kg2 Qc5 43. Qb6 Qc4 44. Qb7 Kg8 45. g4 Kg7 46. Qb6
Qd3 47. Qc5 Qd2 48. Qb6 Qd3 49. Qb4 Qd5 50. Qc3 e5 51. Qb4 Qd3 52. Qb7 Qe2 53.
Qd5 Qe1 54. Qd8 Qb4 55. Qb6 1/2-1/2

[Event "World Cup 2015"]
[Site "Baku AZE"]
[Date "2015.09.11"]
[Round "1"]
[White "Leitao, Rafael"]
[Black "Hou, Yifan"]
[Result "1/2-1/2"]
[WhiteElo "2632"]
[BlackElo "2671"]
[PlyCount "53"]
[EventDate "2015.09.11"]

1. d4 Nf6 2. c4 e6 3. Nc3 Bb4 4. e3 O-O 5. Nge2 d5 6. a3 Be7 7. cxd5 exd5 8.
Nf4 c6 9. Bd3 a5 10. O-O Na6 11. f3 Nc7 12. Bc2 c5 13. Na4 Na6 14. dxc5 Nxc5
15. Nc3 Be6 16. Nb5 Bd7 17. Nd4 Ne6 18. Nfe2 Re8 19. Bd2 Bc5 20. Re1 Qb6 21.
Bc3 Nc7 22. b4 axb4 23. axb4 Rxa1 24. Qxa1 Bxb4 25. Rb1 Bxc3 26. Qxc3 Qd6 27.
Rxb7 1/2-1/2

[Event "World Junior Championship 2015"]
[Site "Khanty-Mansiysk RUS"]
[Date "2015.09.11"]
[Round "9"]
[White "Goryachkina, Aleksandra"]
[Black "Chigaev, Maksim"]
[Result "0-1"]
[WhiteElo "2497"]
[BlackElo "2531"]
[PlyCount "80"]
[EventDate "2015.09.02"]

1. d4 Nf6 2. c4 g6 3. Nc3 Bg7 4. e4 O-O 5. Nf3 c6 6. Qc2 d6 7. Be2 Nbd7 8. h3
e5 9. d5 Nh5 10. g3 Qe7 11. Be3 f5 12. exf5 gxf5 13. Ng5 Ndf6 14. O-O-O cxd5
15. cxd5 b5 16. Bxb5 Rb8 17. g4 a6 18. Ba4 h6 19. Ne6 Bxe6 20. dxe6 Nf4 21.
Bxf4 exf4 22. gxf5 d5 23. Bb3 Rfc8 24. Kb1 Kh8 25. Qd3 a5 26. Rhg1 Qc5 27. Rg6
Qxf2 28. Rdg1 Rb7 29. Qa6 Rcb8 30. Qf1 Qe3 31. Ka1 d4 32. Na4 Rc8 33. Bc4 Rb4
34. Nb6 Rxb6 35. Rxg7 Rbc6 36. Qg2 Qxg1+ 37. Qxg1 Rxc4 38. b3 Rc1+ 39. Kb2 Rxg1
40. Rxg1 Rc5 0-1